000 00661cam a2200205 i 4500
005 20260129104619.0
008 250721s2012 jo gr 000 0 ara d
020 _a97899574578
082 1 4 _a371.1
_bب ر ب
100 1 _aبربخ، فرحان
_eمؤلف.
245 1 0 _aالمدرسة و المجتمع /
_cتأليف فرحان حسن بربخ.
250 _aالطبعة الاولى.
264 3 1 _aعمان :
_bدار أسامة للنشر والتوزيع،
_c2012.
300 _a224 صفحة.
650 1 7 _aالتربية.
650 1 7 _aالمدارس.
650 1 7 _aالمجتمع.
942 _2ddc
_cBK
999 _c124058
_d124058